| 000 | 00765nam a22002417a 4500 | ||
|---|---|---|---|
| 003 | OSt | ||
| 005 | 20230323210045.0 | ||
| 008 | 210304s2009 ck a|||br|||| 00| j spa d | ||
| 020 | _a9789587300215 | ||
| 040 |
_aCO-JMCR _cCO-JMCR |
||
| 041 | 0 | _aspa | |
| 082 | 0 | 4 |
_aP/ _bVALt _223 |
| 100 | 1 |
_aValenzuela Jaimes, Luis Carlos, _ecompilador _914407 |
|
| 245 | 1 | 0 |
_aTraba lenguas / _cLuis Carlos Valenzuela Jaimes, compilador copyright |
| 250 | _aPrimera edición | ||
| 260 |
_aBogotá : _bKing Kolor, _c2009 |
||
| 300 |
_a96 páginas : _bilustraciones a color ; _c23 cm. |
||
| 490 | 0 | _aLeito | |
| 650 | 1 | 4 |
_aTrabalenguas para niños _914408 |
| 650 | 2 | 4 |
_aLibros ilustrados para niños _914409 |
| 650 | 2 | 4 |
_aAdivinanzas y refranes _xcuento _914410 |
| 942 |
_2ddc _cBK |
||
| 999 |
_c7453 _d7453 |
||